[Event "Titled Tuesday intern op 01st Aug Early"]
[Site "Chess.com INT"]
[Date "2023.08.01"]
[Round "3"]
[White "Nosacheva, Mariya"]
[Black "Andreev, Konstantin1111"]
[Result "1-0"]
[WhiteElo "2091"]
[BlackElo "2151"]
[PlyCount "39"]
[EventDate "2023.08.01"]
[EventType "swiss (blitz)"]
[EventRounds "11"]
[EventCountry "USA"]
[SourceTitle "EXT 2024"]
[Source "ChessBase"]
[SourceDate "2023.10.10"]
[SourceVersion "1"]
[SourceVersionDate "2023.10.10"]
[SourceQuality "1"]

1. e4 c5 2. Nf3 e6 3. d4 cxd4 4. Nxd4 Nc6 5. Nb5 d6 6. c4 Nf6 7. N5c3 Be7 8. Bd3 0-0 9. 0-0 Qc7 10. b3 a6 11. Bb2 b6 12. Nd2 Bb7 13. f4 Rac8 14. Rc1 Nd7 15. Bb1 Nc5 16. Qg4 Bf6 17. Nd5 Bxb2 18. Nxc7 Bxc1 19. Nxe6 Bxd2 20. Qxg7# 1-0

[Event "Titled Tuesday intern op 01st Aug Early"]
[Site "Chess.com INT"]
[Date "2023.08.01"]
[Round "6"]
[White "Nosacheva, Mariya"]
[Black "Kashlinskaya, Alina"]
[Result "1/2-1/2"]
[WhiteElo "2091"]
[BlackElo "2468"]
[PlyCount "106"]
[EventDate "2023.08.01"]
[EventType "swiss (blitz)"]
[EventRounds "11"]
[EventCountry "USA"]
[SourceTitle "EXT 2024"]
[Source "ChessBase"]
[SourceDate "2023.10.10"]
[SourceVersion "1"]
[SourceVersionDate "2023.10.10"]
[SourceQuality "1"]

1. e4 c6 2. d4 d5 3. e5 Bf5 4. h4 h5 5. c4 e6 6. Nc3 Ne7 7. Nge2 dxc4 8. Ng3 Bg6 9. Bxc4 Nd7 10. Be2 Nb6 11. Nxh5 Nf5 12. Nf4 Rxh4 13. Rxh4 Qxh4 14. Nxg6 fxg6 15. g4 0-0-0 16. gxf5 Rxd4 17. Qc2 gxf5 18. Be3 Rd8 19. Rd1 Rxd1+ 20. Qxd1 f4 21. Bxb6 axb6 22. Bf3 Qg5 23. Qe2 Bc5 24. Ne4 Bb4+ 25. Nc3 Qg1+ 26. Kd2 Qa1 27. Kd3 Kc7 28. Kc4 Bxc3 29. bxc3 Qb1 30. Qd3 Qxa2+ 31. Kd4 Qxf2+ 32. Ke4 Qe1+ 33. Kxf4 Qh4+ 34. Bg4 Qf2+ 35. Kg5 b5 36. Qd6+ Kb6 37. Bxe6 Qe3+ 38. Kg6 Qxc3 39. Kxg7 b4 40. Qd8+ Kb5 41. Qd7 Qxe5+ 42. Kf7 b6 43. Qd3+ Ka5 44. Qc4 Qc7+ 45. Kf6 Qd8+ 46. Kf7 Qc7+ 47. Kf6 Qd6 48. Qa2+ Kb5 49. Qc4+ Ka4 50. Qb3+ Ka5 51. Qa2+ Kb5 52. Qc4+ Ka4 53. Qa2+ Kb5 1/2-1/2

[Event "Cheliabinsk Lozovatsky Memorial-B"]
[Site "Cheliabinsk"]
[Date "2023.02.02"]
[Round "7"]
[White "Yurasova, Daria"]
[Black "Nosacheva, Mariya"]
[Result "1-0"]
[WhiteElo "2032"]
[BlackElo "2165"]
[PlyCount "91"]
[EventDate "2023.01.27"]
[EventType "swiss"]
[EventRounds "10"]
[EventCountry "RUS"]
[SourceTitle "CBM 212 Extra"]
[Source "ChessBase"]
[SourceDate "2023.03.31"]
[SourceVersion "1"]
[SourceVersionDate "2023.03.31"]
[SourceQuality "1"]

1. d4 Nf6 2. c4 g6 3. Nc3 Bg7 4. e4 d6 5. h3 0-0 6. Be3 Na6 7. Nf3 c5 8. d5 e6 9. Bd3 exd5 10. exd5 Nb4 11. Be2 Bf5 12. Rc1 Re8 13. a3 Na6 14. Bd3 Ne4 15. Nxe4 Bxe4 16. Bxe4 Rxe4 17. Qc2 Re8 18. 0-0 Nb8 19. b4 Nd7 20. bxc5 dxc5 21. Qd2 b6 22. a4 Ne5 23. Nxe5 Rxe5 24. Rfe1 Qe8 25. Bf4 Rxe1+ 26. Rxe1 Qxa4 27. d6 Bf6 28. Qd5 Re8 29. Rxe8+ Qxe8 30. d7 Qd8 31. Qc6 Qe7 32. Bd6 Qe1+ 33. Kh2 h5 34. Qa8+ Kh7 35. d8Q Bxd8 36. Qxd8 Qxf2 37. Be5 f6 38. Qe7+ Kh6 39. Qxf6 Qxf6 40. Bxf6 a6 41. Kg3 g5 42. Kf3 Kg6 43. Be7 b5 44. cxb5 axb5 45. Bxc5 Kf5 46. g4+ 1-0

[Event "Cheliabinsk Lozovatsky Memorial-B"]
[Site "Cheliabinsk"]
[Date "2023.02.01"]
[Round "6"]
[White "Nosacheva, Mariya"]
[Black "Antonova, Nadezhda"]
[Result "1-0"]
[WhiteElo "2165"]
[BlackElo "1863"]
[PlyCount "51"]
[EventDate "2023.01.27"]
[EventType "swiss"]
[EventRounds "10"]
[EventCountry "RUS"]
[SourceTitle "CBM 212 Extra"]
[Source "ChessBase"]
[SourceDate "2023.03.31"]
[SourceVersion "1"]
[SourceVersionDate "2023.03.31"]
[SourceQuality "1"]

1. e4 c6 2. Nc3 d5 3. Nf3 Bg4 4. h3 Bxf3 5. Qxf3 e6 6. Be2 Nd7 7. d4 g6 8. 0-0 Bg7 9. exd5 exd5 10. Re1 Ne7 11. Bg5 0-0 12. Bf1 f6 13. Bf4 Nf5 14. Rad1 Qb6 15. Nxd5 Nxd4 16. Ne7+ Kh8 17. Qg3 Ne5 18. Bxe5 fxe5 19. Rxe5 Rf6 20. c3 Re6 21. Rxe6 Nxe6 22. Bc4 Nf8 23. Qf4 Qxb2 24. Qf7 Ne6 25. Qxe6 Qxc3 26. Nc8 1-0

[Event "Cheliabinsk Lozovatsky Memorial-B"]
[Site "Cheliabinsk"]
[Date "2023.01.31"]
[Round "5"]
[White "Nechaeva, Marina"]
[Black "Nosacheva, Mariya"]
[Result "1-0"]
[WhiteElo "2368"]
[BlackElo "2165"]
[PlyCount "85"]
[EventDate "2023.01.27"]
[EventType "swiss"]
[EventRounds "10"]
[EventCountry "RUS"]
[SourceTitle "CBM 212 Extra"]
[Source "ChessBase"]
[SourceDate "2023.03.31"]
[SourceVersion "1"]
[SourceVersionDate "2023.03.31"]
[SourceQuality "1"]

1. d4 Nf6 2. c4 g6 3. Nf3 Bg7 4. g3 0-0 5. Bg2 d6 6. 0-0 c6 7. Nc3 Bf5 8. Nh4 Bc8 9. e4 e5 10. Nf3 Bg4 11. Be3 exd4 12. Bxd4 c5 13. Be3 Be6 14. b3 Ng4 15. Bd2 Nc6 16. h3 Nge5 17. Ng5 Nd4 18. f4 Nec6 19. Rb1 Rb8 20. Kh1 a6 21. f5 Bd7 22. Nd5 f6 23. Nf3 gxf5 24. Nxd4 Nxd4 25. Bf4 Be6 26. b4 b6 27. bxc5 bxc5 28. Rxb8 Qxb8 29. Ne7+ Kh8 30. Nxf5 Bxf5 31. exf5 Re8 32. Qa4 Nxf5 33. Qxa6 Ne3 34. Bxe3 Rxe3 35. a4 Rxg3 36. a5 Bh6 37. Qc6 Qb3 38. Qc8+ Rg8 39. Qe6 Qa2 40. Bd5 Rf8 41. Rg1 Bg5 42. Qe7 Bh6 43. Qxf8+ 1-0

[Event "Cheliabinsk Lozovatsky Memorial-B"]
[Site "Cheliabinsk"]
[Date "2023.01.29"]
[Round "3"]
[White "Gritsayeva, Oksana"]
[Black "Nosacheva, Mariya"]
[Result "0-1"]
[WhiteElo "2263"]
[BlackElo "2165"]
[PlyCount "106"]
[EventDate "2023.01.27"]
[EventType "swiss"]
[EventRounds "10"]
[EventCountry "RUS"]
[SourceTitle "CBM 212 Extra"]
[Source "ChessBase"]
[SourceDate "2023.03.31"]
[SourceVersion "1"]
[SourceVersionDate "2023.03.31"]
[SourceQuality "1"]

1. d4 Nf6 2. c4 g6 3. Nc3 Bg7 4. e4 d6 5. h3 0-0 6. Be3 Na6 7. Nf3 c5 8. Be2 cxd4 9. Nxd4 b6 10. 0-0 Bb7 11. f3 Nc5 12. Qd2 Rc8 13. Rad1 Nh5 14. Rfe1 a6 15. Nd5 e6 16. Nc3 Qc7 17. Nc2 Be5 18. g4 d5 19. gxh5 Bxc3 20. bxc3 Qg3+ 21. Kh1 Qxh3+ 22. Kg1 Qg3+ 23. Kh1 dxe4 24. Bf1 exf3 25. Bf2 Qg4 26. Kh2 Ne4 27. Bh3 Qxh5 28. Rxe4 Bxe4 29. Ne3 f5 30. Qd6 Rce8 31. Qe5 g5 32. Rd7 Rf7 33. Rd6 Qh6 34. Nd5 Bxd5 35. Bd4 Kf8 36. cxd5 g4 37. Qh8+ Ke7 38. Rxe6+ Qxe6 39. Qxe8+ Kxe8 40. dxe6 Re7 41. Bf1 Rxe6 42. Kg3 h5 43. Bd3 Ke7 44. a4 Re1 45. Bxa6 Re4 46. Bd3 f4+ 47. Kf2 Re6 48. Bc4 Rd6 49. Bd3 Ke6 50. Be4 h4 51. Kg1 h3 52. Kh2 f2 53. Bd3 Rxd4 0-1

[Event "RUS Cup final (Women)"]
[Site "Khanty-Mansiysk"]
[Date "2022.12.05"]
[Round "1.1"]
[White "Nosacheva, Mariya"]
[Black "Solozhenkina, Elizaveta"]
[Result "1-0"]
[WhiteElo "2157"]
[BlackElo "2295"]
[PlyCount "109"]
[EventDate "2022.12.05"]
[EventType "k.o."]
[EventRounds "3"]
[EventCountry "RUS"]
[SourceTitle "CBM 211 Extra"]
[Source "ChessBase"]
[SourceDate "2023.01.31"]
[SourceVersion "1"]
[SourceVersionDate "2023.01.31"]
[SourceQuality "1"]

1. d4 Nf6 2. c4 e6 3. g3 d5 4. Bg2 Be7 5. Nf3 0-0 6. 0-0 dxc4 7. Qa4 c6 8. Qxc4 b5 9. Qd3 Nbd7 10. Bg5 Bb7 11. Ne5 Nxe5 12. dxe5 Nd5 13. Bxe7 Qxe7 14. Nc3 Rfd8 15. Ne4 Nf4 16. Qf3 Nxg2 17. Nd6 Rab8 18. Rad1 Ba8 19. Qxg2 c5 20. Qh3 Qc7 21. Qg4 c4 22. Rd4 Qc6 23. e4 Qc5 24. Rfd1 Rf8 25. f4 b4 26. Qe2 c3 27. bxc3 bxc3 28. Qc4 Qa5 29. Rc1 Rb2 30. a4 Rd2 31. Rxd2 cxd2 32. Rd1 Qb6+ 33. Kf1 Qe3 34. Qe2 Qa3 35. Rxd2 Qxa4 36. Ra2 Qd4 37. Qd2 Qb6 38. Rb2 Qc5 39. Qf2 Qc3 40. Rc2 Qd3+ 41. Qe2 Qd4 42. Rc4 Qa1+ 43. Kg2 h6 44. Qc2 Qa6 45. Rc7 Qb6 46. Rc8 Bb7 47. Rc7 Ba8 48. Kh3 a5 49. Qc4 Qb4 50. Qa6 Bxe4 51. Rc8 Bf5+ 52. Kh4 Qa4 53. Rxf8+ Kxf8 54. Qa8+ Ke7 55. Nc8+ 1-0

[Event "Cheliabinsk Panchenko Memorial op-B"]
[Site "Cheliabinsk"]
[Date "2022.09.15"]
[Round "4"]
[White "Kuzmina, Varvara"]
[Black "Nosacheva, Mariya"]
[Result "0-1"]
[WhiteElo "1651"]
[BlackElo "2166"]
[PlyCount "120"]
[EventDate "2022.09.12"]
[EventType "swiss"]
[EventRounds "10"]
[EventCountry "RUS"]
[SourceTitle "CBM 210 Extra"]
[Source "ChessBase"]
[SourceDate "2022.11.30"]
[SourceVersion "1"]
[SourceVersionDate "2022.11.30"]
[SourceQuality "1"]

1. Nf3 Nf6 2. g3 g6 3. Bg2 Bg7 4. 0-0 0-0 5. d4 d6 6. c4 Nc6 7. d5 Na5 8. Nfd2 c5 9. Nc3 a6 10. Rb1 Rb8 11. a3 b5 12. cxb5 axb5 13. b4 cxb4 14. axb4 Nc4 15. Nxc4 bxc4 16. Be3 Bf5 17. Rc1 Rxb4 18. Bd4 Qc7 19. e4 Bg4 20. f3 Bd7 21. f4 Rfb8 22. e5 Bg4 23. Qe1 Nd7 24. Qf2 Rb2 25. Qe3 dxe5 26. fxe5 Bxe5 27. Bxe5 Qxe5 28. Qxe5 Nxe5 29. Ne4 Kg7 30. d6 exd6 31. Nxd6 Rxg2+ 32. Kxg2 Rb2+ 33. Kg1 Nf3+ 34. Rxf3 Bxf3 35. Rxc4 Rg2+ 36. Kf1 Rxh2 37. Rf4 Bd5 38. Ne8+ Kh8 39. Nf6 Be6 40. Kg1 Rc2 41. Ne8 h5 42. Nd6 Kg7 43. Ne8+ Kf8 44. Nd6 Ke7 45. Nb5 Bd5 46. Rd4 Ke6 47. Rd1 Ke5 48. Re1+ Be4 49. Re3 f5 50. Na3 Ra2 51. Nb5 Rb2 52. Nc7 Rb7 53. Na6 Kd4 54. Ra3 Ra7 55. Ra4+ Ke3 56. Ra2 Bd3 57. Nb4 Rxa2 58. Nxa2 f4 59. gxf4 Kxf4 60. Nb4 Be4 0-1